| 000 | 01236nam a2200349 4500 | ||
|---|---|---|---|
| 003 | OSt | ||
| 005 | 20260601193527.0 | ||
| 008 | 260421b2017 mx a|||| |||| 00| 0 spa d | ||
| 020 | _a9786079489250 | ||
| 020 | _a9786077456698 | ||
| 040 |
_aICI _bspa _cICI |
||
| 041 | _aspa | ||
| 041 | _aeng | ||
| 050 |
_aNK2715 _bS555 |
||
| 100 | 1 |
_aAna Elena Mallet _935874 |
|
| 245 | 1 |
_aSilla Mexicana _bMexican chair _ctextos = texts, Ana Elena Mallet, Jorge F. Rivas Pérez ; fotografía = photography, Jorge Vértiz ; traducción = translation, Quentin Pope |
|
| 246 | 3 | _a Mexican chair | |
| 250 | _aPrimera edición = first edition | ||
| 264 |
_bArquine _bSecretaría de Cultura _c2017 _aCiudad de México |
||
| 300 |
_a262 páginas _b ilustraciones (principalmente a color) |
||
| 336 |
_atexto _2rdacontent |
||
| 337 |
_asin medio _2rdamedia |
||
| 338 |
_avolumen _2rdacarrier |
||
| 500 | _a Incluye un catálogo de obras de arte | ||
| 650 |
_aSillas _zMéxico _935875 |
||
| 650 |
_aDiseño de muebles _zMéxico _935876 |
||
| 700 |
_aMallet, Ana Elena, _eautor _935877 |
||
| 700 |
_aRivas, Jorge, _eautor _935878 |
||
| 700 |
_aPope, Quentin, _e traductor _935879 |
||
| 700 |
_a Vértiz, Jorge, _efotógrafo _935880 |
||
| 942 |
_2lcc _cB _n1 |
||
| 999 |
_c21214 _d21214 |
||